[Event "Gatineau TORO U1900"]
[Site "Gatineau CAN"]
[Date "2013.06.08"]
[Round "2"]
[White "Legault, Stephane"]
[Black "Saha, Ananda"]
[Result "0-1"]
[WhiteElo "1508"]
[BlackElo "1735"]
[PlyCount "78"]
[GameId "2160767909347667"]
[EventDate "2013.06.07"]
[EventType "swiss"]
[EventRounds "5"]
[EventCountry "CAN"]
[SourceTitle "EXT 2022"]
[Source "ChessBase"]
[SourceDate "2021.10.06"]
[SourceVersion "1"]
[SourceVersionDate "2021.10.06"]
[SourceQuality "1"]

1. e4 b6 2. d4 Bb7 3. Nc3 e6 4. Nf3 Nf6 5. Bg5 h6 6. Bxf6 Qxf6 7. a3 Be7 8. Qd2 Qg6 9. d5 O-O 10. O-O-O f5 11. e5 c6 12. d6 Bg5 13. Nxg5 hxg5 14. h4 g4 15. Kb1 Qh6 16. Qg5 Qxg5 17. hxg5 Kf7 18. f4 gxf3 19. gxf3 c5 20. Rh3 f4 21. Bd3 Rg8 22. g6+ Kf8 23. Rh4 Nc6 24. Rxf4+ Ke8 25. Nb5 Rb8 26. Nc7+ Kd8 27. Re1 Nd4 28. Be4 Bxe4 29. fxe4 Kc8 30. c3 Nc6 31. Ref1 Kb7 32. b4 Nxe5 33. b5 Nxg6 34. Rg4 Rbf8 35. Rfg1 Ne5 36. Rxg7 Rxg7 37. Rxg7 Rf7 38. Rg8 Nc4 39. Na6 Nxa3+ 0-1

[Event "Gatineau TORO U1900"]
[Site "Gatineau CAN"]
[Date "2013.06.08"]
[Round "2"]
[White "Leveille, Philippe"]
[Black "Vlasenko, Konstantin"]
[Result "1-0"]
[WhiteElo "1811"]
[BlackElo "1644"]
[PlyCount "66"]
[GameId "2160767909347668"]
[EventDate "2013.06.07"]
[EventType "swiss"]
[EventRounds "5"]
[EventCountry "CAN"]
[SourceTitle "EXT 2022"]
[Source "ChessBase"]
[SourceDate "2021.10.06"]
[SourceVersion "1"]
[SourceVersionDate "2021.10.06"]
[SourceQuality "1"]

1. d4 Nf6 2. c4 e6 3. Nf3 Bb4+ 4. Nc3 c5 5. dxc5 Ne4 6. Qd4 Bxc3+ 7. bxc3 Qa5 8. Qxg7 Qxc3+ 9. Qxc3 Nxc3 10. Bb2 Ne4 11. Bxh8 f6 12. Bg7 Nc6 13. a3 Kf7 14. Bh6 Nxc5 15. Bd2 b6 16. g3 Ba6 17. e3 Rc8 18. Be2 Ne4 19. Bb4 Bb7 20. O-O Nxb4 21. axb4 Nc3 22. Nd4 Nxe2+ 23. Nxe2 Rxc4 24. Rxa7 Bc6 25. Rc1 Rxc1+ 26. Nxc1 e5 27. Ne2 Ke6 28. Nc3 f5 29. b5 Bf3 30. Ra6 Kd6 31. Rxb6+ Kc5 32. Rf6 Kc4 33. Rxf5 e4 1-0

[Event "Gatineau TORO U1900"]
[Site "Gatineau CAN"]
[Date "2013.06.08"]
[Round "2"]
[White "Morel, Joseph"]
[Black "Danilov, Alex"]
[Result "0-1"]
[WhiteElo "1717"]
[BlackElo "1693"]
[PlyCount "72"]
[GameId "2160767909347669"]
[EventDate "2013.06.07"]
[EventType "swiss"]
[EventRounds "5"]
[EventCountry "CAN"]
[SourceTitle "EXT 2022"]
[Source "ChessBase"]
[SourceDate "2021.10.06"]
[SourceVersion "1"]
[SourceVersionDate "2021.10.06"]
[SourceQuality "1"]

1. e4 c5 2. Nf3 e6 3. d4 cxd4 4. Nxd4 Nc6 5. Be3 Qc7 6. g3 a6 7. Bg2 Nf6 8. Nc3 d6 9. O-O Bd7 10. f4 Be7 11. f5 O-O 12. fxe6 fxe6 13. Qe2 Nxd4 14. Bxd4 e5 15. Be3 Rac8 16. h3 Be6 17. Rf2 Qd7 18. Kh2 Bc4 19. Qd2 Nh5 20. Rxf8+ Rxf8 21. b3 Be6 22. Nd5 Bd8 23. Rd1 Qf7 24. Rf1 Qe8 25. Rxf8+ Qxf8 26. g4 Nf6 27. Nxf6+ Bxf6 28. Qb4 Qe7 29. Bc1 Qc7 30. Ba3 Be7 31. c4 h6 32. Kg3 a5 33. Qd2 Kh7 34. h4 Qd8 35. Kh3 h5 36. Bf3 Bxh4 0-1

[Event "Gatineau TORO U1900"]
[Site "Gatineau CAN"]
[Date "2013.06.08"]
[Round "2"]
[White "Piche, Guy"]
[Black "Villeneuve, Luc"]
[Result "0-1"]
[WhiteElo "1750"]
[BlackElo "1671"]
[PlyCount "62"]
[GameId "2160767909347670"]
[EventDate "2013.06.07"]
[EventType "swiss"]
[EventRounds "5"]
[EventCountry "CAN"]
[SourceTitle "EXT 2022"]
[Source "ChessBase"]
[SourceDate "2021.10.06"]
[SourceVersion "1"]
[SourceVersionDate "2021.10.06"]
[SourceQuality "1"]

1. f4 Nf6 2. b3 d5 3. Nf3 g6 4. Bb2 Bg7 5. e3 O-O 6. Be2 c5 7. O-O Bg4 8. c4 d4 9. exd4 Nh5 10. Ne5 Bxe2 11. Qxe2 cxd4 12. d3 Nc6 13. Nd2 Nxf4 14. Rxf4 Bxe5 15. Re4 Qd6 16. Nf3 Bf6 17. a3 Rad8 18. b4 Qc7 19. Re1 e6 20. Qd2 Bg7 21. Bc1 Rfe8 22. Qg5 e5 23. b5 f6 24. Qg3 Ne7 25. Rxd4 Qc5 26. Bb2 Nf5 27. Qg4 exd4 28. Rxe8+ Rxe8 29. Qf4 Bh6 30. Qg4 Be3+ 31. Kf1 Qe7 0-1

[Event "Gatineau TORO U1900"]
[Site "Gatineau CAN"]
[Date "2013.06.08"]
[Round "2"]
[White "Scantland, Patrick"]
[Black "Plante, Marc-Eric"]
[Result "1-0"]
[WhiteElo "1863"]
[BlackElo "1669"]
[PlyCount "95"]
[GameId "2160767909347671"]
[EventDate "2013.06.07"]
[EventType "swiss"]
[EventRounds "5"]
[EventCountry "CAN"]
[SourceTitle "EXT 2022"]
[Source "ChessBase"]
[SourceDate "2021.10.06"]
[SourceVersion "1"]
[SourceVersionDate "2021.10.06"]
[SourceQuality "1"]

1. d4 Nf6 2. c4 e6 3. Nc3 Bb4 4. Qc2 O-O 5. f3 d5 6. a3 Bxc3+ 7. Qxc3 Nbd7 8. Bg5 h6 9. Bh4 Re8 10. e3 b6 11. Bd3 c5 12. Ne2 Bb7 13. O-O Rc8 14. Rad1 Qe7 15. Rfe1 dxc4 16. Qxc4 cxd4 17. Qxd4 Qc5 18. Nc3 Ne5 19. Qxc5 Rxc5 20. Bxf6 gxf6 21. Be4 Rc7 22. Bxb7 Rxb7 23. Ne4 Rc7 24. Nxf6+ Kf8 25. Nxe8 Kxe8 26. Re2 Rd7 27. Rxd7 Kxd7 28. Rd2+ Ke7 29. b3 f5 30. Kf2 Nd7 31. Ke2 e5 32. b4 e4 33. Rd4 exf3+ 34. gxf3 b5 35. Rxd7+ Kxd7 36. Kd3 Ke6 37. Kd4 Kd6 38. e4 fxe4 39. Kxe4 Ke6 40. f4 h5 41. h4 Kf6 42. f5 Kf7 43. Ke5 Ke7 44. f6+ Kf8 45. Kf5 Kg8 46. Kg6 Kf8 47. Kxh5 Kg8 48. Kg6 1-0

[Event "Gatineau TORO U1900"]
[Site "Gatineau CAN"]
[Date "2013.06.08"]
[Round "2"]
[White "Sonn, Eric"]
[Black "Potvin, Daniel"]
[Result "1-0"]
[WhiteElo "1499"]
[BlackElo "1618"]
[PlyCount "77"]
[GameId "2160767909347672"]
[EventDate "2013.06.07"]
[EventType "swiss"]
[EventRounds "5"]
[EventCountry "CAN"]
[SourceTitle "EXT 2022"]
[Source "ChessBase"]
[SourceDate "2021.10.06"]
[SourceVersion "1"]
[SourceVersionDate "2021.10.06"]
[SourceQuality "1"]

1. e4 b6 2. Nc3 Bb7 3. d3 e6 4. f4 Bb4 5. Bd2 Nf6 6. Nf3 d5 7. e5 Nfd7 8. Ne2 Bxd2+ 9. Qxd2 c5 10. Ng3 d4 11. Be2 Nc6 12. O-O O-O 13. Ne4 f6 14. exf6 Nxf6 15. Neg5 Qd6 16. c3 e5 17. fxe5 Nxe5 18. Nxe5 Qxe5 19. Rae1 Qd6 20. Bf3 Bxf3 21. Nxf3 Ng4 22. Qg5 Rxf3 23. Qxg4 Rxf1+ 24. Rxf1 dxc3 25. bxc3 Qxd3 26. Qe6+ Kh8 27. Qe7 Qd8 28. Qb7 Qc8 29. Qe7 Qe8 30. Rf7 Qxe7 31. Rxe7 h6 32. Kf2 Kh7 33. Ke3 Kg6 34. Ke4 Kf6 35. Rd7 Re8+ 36. Kd5 Re5+ 37. Kc6 Re6+ 38. Kb5 a5 39. Rb7 1-0

[Event "Gatineau TORO U1900"]
[Site "Gatineau CAN"]
[Date "2013.06.08"]
[Round "2"]
[White "Tomalty, Alan"]
[Black "Jureidini, Gabriel"]
[Result "0-1"]
[WhiteElo "1691"]
[BlackElo "1752"]
[PlyCount "86"]
[GameId "2160767909347673"]
[EventDate "2013.06.07"]
[EventType "swiss"]
[EventRounds "5"]
[EventCountry "CAN"]
[SourceTitle "EXT 2022"]
[Source "ChessBase"]
[SourceDate "2021.10.06"]
[SourceVersion "1"]
[SourceVersionDate "2021.10.06"]
[SourceQuality "1"]

1. d4 Nf6 2. Nf3 d6 3. Nc3 Nbd7 4. e4 e5 5. Bc4 Be7 6. Bg5 c6 7. O-O O-O 8. h3 b5 9. Bd3 a5 10. Ne2 h6 11. Be3 Qc7 12. Ng3 Re8 13. c4 b4 14. Rc1 exd4 15. Bxd4 Nc5 16. Bb1 Be6 17. Qc2 Ncd7 18. Rfe1 Ne5 19. Nxe5 dxe5 20. Be3 a4 21. Qd2 Nd7 22. Rf1 Bc5 23. Bxc5 Nxc5 24. Qe3 Qe7 25. f4 exf4 26. Rxf4 Qg5 27. Ne2 Rad8 28. Kh2 Qe5 29. g3 Qxb2 30. Rf2 Rd2 31. Re1 Bxc4 32. Qxc5 Rxe2 33. Rfxe2 Bxe2 34. Qf2 Rd8 35. Rxe2 Qxb1 36. Qb6 Rd1 37. Qf2 b3 38. axb3 axb3 39. g4 Qc1 40. Kg3 c5 41. Qf5 Rg1+ 42. Kh2 Rf1 43. Rf2 Rxf2+ 0-1

[Event "Gatineau TORO U1900"]
[Site "Gatineau CAN"]
[Date "2013.06.08"]
[Round "3"]
[White "Arsenault, Yves"]
[Black "Legault, Stephane"]
[Result "1-0"]
[WhiteElo "1543"]
[BlackElo "1502"]
[PlyCount "81"]
[GameId "2160767909347675"]
[EventDate "2013.06.07"]
[EventType "swiss"]
[EventRounds "5"]
[EventCountry "CAN"]
[SourceTitle "EXT 2022"]
[Source "ChessBase"]
[SourceDate "2021.10.06"]
[SourceVersion "1"]
[SourceVersionDate "2021.10.06"]
[SourceQuality "1"]

1. e4 c5 2. Nf3 Nc6 3. d4 cxd4 4. Nxd4 e5 5. Nb5 a6 6. Nd6+ Bxd6 7. Qxd6 Nge7 8. Bd3 O-O 9. O-O Ng6 10. Nd2 b5 11. Nf3 Bb7 12. Be3 Re8 13. Rad1 Re6 14. Qc5 Nce7 15. Qc3 Rc8 16. Qd2 d5 17. exd5 Bxd5 18. Bxg6 hxg6 19. Qe2 Qa5 20. b3 Bxf3 21. gxf3 g5 22. c4 b4 23. Rd7 Nc6 24. Rd5 Qc7 25. Qd2 Nd4 26. Bxd4 exd4 27. Qxd4 Rh6 28. Qe5 Qb7 29. Rfd1 Qa8 30. Qg3 Re8 31. Rxg5 g6 32. h4 Qc8 33. h5 Kh7 34. hxg6+ fxg6 35. Rgd5 Re7 36. Qg5 Qe8 37. Qd2 Qb8 38. Rd6 a5 39. f4 Qb7 40. Qd5 Qc8 41. Rd7 1-0

[Event "Gatineau TORO U1900"]
[Site "Gatineau CAN"]
[Date "2013.06.08"]
[Round "3"]
[White "Danilov, Alex"]
[Black "Jureidini, Gabriel"]
[Result "0-1"]
[WhiteElo "1693"]
[BlackElo "1752"]
[PlyCount "102"]
[GameId "2160767909347676"]
[EventDate "2013.06.07"]
[EventType "swiss"]
[EventRounds "5"]
[EventCountry "CAN"]
[SourceTitle "EXT 2022"]
[Source "ChessBase"]
[SourceDate "2021.10.06"]
[SourceVersion "1"]
[SourceVersionDate "2021.10.06"]
[SourceQuality "1"]

1. c4 Nf6 2. g3 d6 3. Bg2 e5 4. Nc3 c6 5. d4 exd4 6. Qxd4 Nbd7 7. Nf3 Be7 8. O-O O-O 9. Bf4 Nc5 10. e4 Ne6 11. Qd2 Nxf4 12. Qxf4 Qa5 13. Qd2 Qh5 14. Qg5 Qxg5 15. Nxg5 Nd7 16. Nf3 Ne5 17. Nxe5 dxe5 18. a3 Be6 19. b3 Rad8 20. Ra2 Rd3 21. Rc1 Rfd8 22. Bf1 Rd2 23. Rcc2 Rxc2 24. Rxc2 Bxa3 25. Kg2 Be7 26. Be2 Kf8 27. Nd1 Bc5 28. f4 Bd4 29. f5 Bc8 30. Kf3 Ke7 31. h4 Kd6 32. b4 c5 33. b5 Kc7 34. Ne3 Bxe3 35. Kxe3 Kb6 36. Ra2 a6 37. bxa6 bxa6 38. g4 Rd6 39. Rb2+ Kc7 40. Rd2 Rd4 41. Rxd4 cxd4+ 42. Kd3 a5 43. Bd1 Kc6 44. Ba4+ Kc5 45. g5 Ba6 46. Bb3 Kb4 47. Ba2 Ka3 48. Bb1 Kb2 49. Bc2 Bxc4+ 50. Kd2 Bb3 51. Bd3 a4 0-1

[Event "Gatineau TORO U1900"]
[Site "Gatineau CAN"]
[Date "2013.06.08"]
[Round "3"]
[White "Diaz, Carol P"]
[Black "Saha, Ananda"]
[Result "0-1"]
[WhiteElo "1757"]
[BlackElo "1735"]
[PlyCount "102"]
[GameId "2160767909347677"]
[EventDate "2013.06.07"]
[EventType "swiss"]
[EventRounds "5"]
[EventCountry "CAN"]
[SourceTitle "EXT 2022"]
[Source "ChessBase"]
[SourceDate "2021.10.06"]
[SourceVersion "1"]
[SourceVersionDate "2021.10.06"]
[SourceQuality "1"]

1. c4 b6 2. Nc3 Bb7 3. d4 e6 4. Nf3 Nf6 5. Bf4 Be7 6. e3 d5 7. a3 O-O 8. Be2 dxc4 9. Bxc4 Nd5 10. Nxd5 exd5 11. Be2 Nd7 12. Rc1 c5 13. dxc5 bxc5 14. O-O Nf6 15. Qb3 Qb6 16. Qxb6 axb6 17. Bc7 Rfc8 18. Be5 Nd7 19. Rfd1 Nxe5 20. Nxe5 Bf6 21. Nd7 Bd8 22. Bf3 f6 23. Bxd5+ Bxd5 24. Rxd5 Rc6 25. Rcd1 Bc7 26. e4 Kf7 27. e5 Re6 28. f4 f5 29. g4 Rg6 30. g5 Re6 31. Kg2 Ke8 32. Nxc5 bxc5 33. Rxc5 Bb6 34. Rb5 Rd8 35. Rxd8+ Kxd8 36. Rd5+ Ke7 37. Kf3 Rc6 38. Rd2 Rc4 39. h3 Re4 40. Re2 Rc4 41. Kg2 Rxf4 42. b4 Re4 43. Rxe4 fxe4 44. a4 Ke6 45. a5 Bd8 46. Kf2 Kxe5 47. h4 Kd4 48. Ke2 g6 49. a6 Bb6 50. Kd2 Kc4 51. Kc2 Kxb4 0-1

[Event "Gatineau TORO U1900"]
[Site "Gatineau CAN"]
[Date "2013.06.08"]
[Round "3"]
[White "Germain, Benoit"]
[Black "Piche, Guy"]
[Result "1-0"]
[WhiteElo "1687"]
[BlackElo "1750"]
[PlyCount "69"]
[GameId "2160767909347678"]
[EventDate "2013.06.07"]
[EventType "swiss"]
[EventRounds "5"]
[EventCountry "CAN"]
[SourceTitle "EXT 2022"]
[Source "ChessBase"]
[SourceDate "2021.10.06"]
[SourceVersion "1"]
[SourceVersionDate "2021.10.06"]
[SourceQuality "1"]

1. e4 e5 2. Nf3 d6 3. d4 Nd7 4. dxe5 dxe5 5. Bc4 Be7 6. Qd5 Bb4+ 7. c3 Qe7 8. cxb4 Nb6 9. Bb5+ c6 10. Bxc6+ Kf8 11. Qxe5 bxc6 12. Qxe7+ Nxe7 13. O-O Bg4 14. Ne5 Be6 15. Be3 f6 16. Nf3 Rd8 17. Nc3 Kf7 18. Rfd1 h6 19. a4 Bb3 20. Rxd8 Rxd8 21. a5 Nbc8 22. Nd4 Bc4 23. b3 Ba6 24. b5 c5 25. Nde2 Bb7 26. Bxc5 Rd2 27. f3 a6 28. Kf1 axb5 29. a6 Ba8 30. Nxb5 Nc6 31. Nc7 Ne5 32. Nxa8 Rb2 33. Nb6 Nxb6 34. Bxb6 Nc6 35. a7 1-0

[Event "Gatineau TORO U1900"]
[Site "Gatineau CAN"]
[Date "2013.06.08"]
[Round "3"]
[White "Labrecque, Rejean"]
[Black "Morel, Joseph"]
[Result "0-1"]
[WhiteElo "1684"]
[BlackElo "1717"]
[PlyCount "96"]
[GameId "2160767909347679"]
[EventDate "2013.06.07"]
[EventType "swiss"]
[EventRounds "5"]
[EventCountry "CAN"]
[SourceTitle "EXT 2022"]
[Source "ChessBase"]
[SourceDate "2021.10.06"]
[SourceVersion "1"]
[SourceVersionDate "2021.10.06"]
[SourceQuality "1"]

1. d4 Nf6 2. c4 e6 3. Nf3 b6 4. d5 exd5 5. cxd5 Bb7 6. Nc3 Bb4 7. Bg5 h6 8. Bxf6 Qxf6 9. Rc1 Qf5 10. e3 Qxd5 11. Bd3 Qxa2 12. O-O Bxc3 13. Rxc3 c5 14. Qe2 Qe6 15. Bc2 O-O 16. Qd3 g6 17. Ra1 Bxf3 18. gxf3 Nc6 19. Bb3 Qf6 20. f4 Rfd8 21. Kh1 d5 22. Qe2 d4 23. Rcc1 d3 24. Qd2 Nb4 25. Rg1 Qc6+ 26. Rg2 Nd5 27. Rag1 c4 28. Ba2 Nf6 29. f3 b5 30. e4 Kh7 31. f5 Rg8 32. fxg6+ Rxg6 33. b3 Rag8 34. bxc4 bxc4 35. Rxg6 Rxg6 36. Rc1 Nxe4 37. Qe3 d2 38. Rd1 Ng5 39. Bb1 Qxf3+ 40. Qxf3 Nxf3 41. Bc2 c3 42. Rf1 Ne5 43. Rf5 f6 44. Rxf6 Kg7 45. Rf5 Nc4 46. Rc5 Ne3 47. Rc7+ Kf8 48. Rc8+ Ke7 0-1

[Event "Gatineau TORO U1900"]
[Site "Gatineau CAN"]
[Date "2013.06.08"]
[Round "3"]
[White "Lavergne, Daniel"]
[Black "Duplessis, Jean-Roch"]
[Result "0-1"]
[WhiteElo "1833"]
[BlackElo "1700"]
[PlyCount "60"]
[GameId "2160767909347680"]
[EventDate "2013.06.07"]
[EventType "swiss"]
[EventRounds "5"]
[EventCountry "CAN"]
[SourceTitle "EXT 2022"]
[Source "ChessBase"]
[SourceDate "2021.10.06"]
[SourceVersion "1"]
[SourceVersionDate "2021.10.06"]
[SourceQuality "1"]

1. e4 c5 2. Nf3 Nc6 3. d4 cxd4 4. Nxd4 e5 5. Nb5 a6 6. N5c3 b5 7. Be3 Nf6 8. f3 d5 9. exd5 Nb4 10. a4 Bf5 11. Na3 Nbxd5 12. Nxd5 Nxd5 13. Bf2 Bb4+ 14. c3 Nxc3 15. bxc3 Bxc3+ 16. Ke2 Bxa1 17. Qxa1 O-O 18. Be3 b4 19. Nb1 Qd3+ 20. Kf2 Qxb1 21. Qxe5 Rfe8 22. Qf4 Qc2+ 23. Be2 Bd3 24. Re1 b3 25. Qd4 Rad8 26. Qg4 Rxe3 27. Kxe3 Re8+ 28. Kf2 Rxe2+ 29. Rxe2 Qxe2+ 30. Kg3 Qe5+ 0-1

[Event "Gatineau TORO U1900"]
[Site "Gatineau CAN"]
[Date "2013.06.08"]
[Round "3"]
[White "Lukezich, John"]
[Black "Douyere, Nicolas"]
[Result "0-1"]
[WhiteElo "1508"]
[BlackElo "1709"]
[PlyCount "76"]
[GameId "2160767909347681"]
[EventDate "2013.06.07"]
[EventType "swiss"]
[EventRounds "5"]
[EventCountry "CAN"]
[SourceTitle "EXT 2022"]
[Source "ChessBase"]
[SourceDate "2021.10.06"]
[SourceVersion "1"]
[SourceVersionDate "2021.10.06"]
[SourceQuality "1"]

1. e4 c6 2. d4 d5 3. Nc3 dxe4 4. Nxe4 Bf5 5. Ng3 Bg6 6. Nf3 h6 7. Ne5 Bh7 8. Bc4 e6 9. O-O Nf6 10. c3 Nbd7 11. a4 Be7 12. h3 Qc7 13. Bf4 Bd6 14. Re1 O-O 15. Bd3 Bxd3 16. Qxd3 Nd5 17. Bd2 Nxe5 18. dxe5 Bxe5 19. Qf3 Bf4 20. Rad1 Bxd2 21. Rxd2 Rad8 22. Rd4 c5 23. Rg4 Nf6 24. Rh4 Rd5 25. Ne4 Nxe4 26. Qxe4 Rfd8 27. Qe3 Rd2 28. Re2 Rxb2 29. g3 Qc6 30. f3 Rd1+ 31. Kf2 Rbb1 32. Rd2 Rf1+ 33. Kg2 Rg1+ 34. Kh2 Rgd1 35. Rf4 Qd5 36. Re2 Rh1+ 37. Kg2 Qd1 38. Qf2 Rh2+ 0-1

[Event "Gatineau TORO U1900"]
[Site "Gatineau CAN"]
[Date "2013.06.08"]
[Round "3"]
[White "Plante, Marc-Eric"]
[Black "Jobin, Gilles G"]
[Result "1/2-1/2"]
[WhiteElo "1669"]
[BlackElo "1775"]
[PlyCount "118"]
[GameId "2160767909347682"]
[EventDate "2013.06.07"]
[EventType "swiss"]
[EventRounds "5"]
[EventCountry "CAN"]
[SourceTitle "EXT 2022"]
[Source "ChessBase"]
[SourceDate "2021.10.06"]
[SourceVersion "1"]
[SourceVersionDate "2021.10.06"]
[SourceQuality "1"]

1. e4 c5 2. Nf3 e6 3. d4 cxd4 4. Nxd4 Nc6 5. Nb5 d6 6. Bf4 e5 7. Be3 a6 8. N5c3 Nf6 9. Bg5 Be7 10. Bxf6 Bxf6 11. Nd5 Be6 12. Nbc3 b5 13. Nxf6+ gxf6 14. Qh5 b4 15. Nd5 Bxd5 16. exd5 Ne7 17. Bd3 Ng6 18. O-O Nf4 19. Qh6 Nxd3 20. cxd3 Rc8 21. f4 Rc2 22. fxe5 Rg8 23. g3 Qb6+ 24. Kh1 Qd4 25. Qxh7 Qxd5+ 26. Qe4 Qxe4+ 27. dxe4 Rh8 28. h4 Rg8 29. Rac1 Rxc1 30. Rxc1 Rxg3 31. exd6 Kd7 32. Rc7+ Kxd6 33. Rxf7 Rh3+ 34. Kg2 Rxh4 35. Rxf6+ Ke5 36. Rxa6 Rxe4 37. Kf3 Rh4 38. Rb6 Kd5 39. b3 Kc5 40. Rb8 Rh2 41. Ra8 Kd4 42. Kf4 Rf2+ 43. Kg3 Re2 44. Kf3 Rh2 45. Ra7 Kc3 46. Ke4 Rd2 47. Ra4 Rd1 48. Ra8 Rd2 49. Ra5 Rd1 50. Rd5 Re1+ 51. Kf5 Re2 52. Rc5+ Kb2 53. Ra5 Kc3 54. Kf4 Re1 55. Kf3 Kb2 56. Ra4 Ra1 57. Rxb4 Rxa2 58. Ke4 Ra3 59. Kd4 Rxb3 1/2-1/2

[Event "Gatineau TORO U1900"]
[Site "Gatineau CAN"]
[Date "2013.06.08"]
[Round "3"]
[White "Scantland, Patrick"]
[Black "Sonn, Eric"]
[Result "1-0"]
[WhiteElo "1863"]
[BlackElo "1499"]
[PlyCount "87"]
[GameId "2160767909347683"]
[EventDate "2013.06.07"]
[EventType "swiss"]
[EventRounds "5"]
[EventCountry "CAN"]
[SourceTitle "EXT 2022"]
[Source "ChessBase"]
[SourceDate "2021.10.06"]
[SourceVersion "1"]
[SourceVersionDate "2021.10.06"]
[SourceQuality "1"]

1. d4 Nf6 2. c4 g6 3. Nc3 Bg7 4. e4 d6 5. Nf3 O-O 6. Be2 e5 7. O-O Nc6 8. d5 Ne7 9. b4 Nh5 10. Re1 f5 11. Ng5 Nf6 12. f3 f4 13. c5 h6 14. Ne6 Bxe6 15. dxe6 g5 16. cxd6 Qxd6 17. Qxd6 cxd6 18. Bb2 Rfc8 19. Bb5 Nc6 20. Bxc6 bxc6 21. Red1 Bf8 22. a3 a6 23. Rd2 Rd8 24. Rad1 Ra7 25. Na4 Kg7 26. Bxe5 a5 27. Nc5 axb4 28. axb4 Rda8 29. Bxd6 Bxd6 30. Rxd6 Ra2 31. Nd7 Rc2 32. R6d2 Ra1 33. Rxc2 Rxd1+ 34. Kf2 Ne8 35. e5 Rb1 36. Nb8 Rxb4 37. Nxc6 Rb6 38. Ke2 Nc7 39. e7 Kf7 40. Nd4 Ne6 41. Nf5 h5 42. Kd3 Ra6 43. Rc8 Ra2 44. e8=Q# 1-0

[Event "Gatineau TORO U1900"]
[Site "Gatineau CAN"]
[Date "2013.06.08"]
[Round "3"]
[White "Tomalty, Alan"]
[Black "Leveille, Philippe"]
[Result "1-0"]
[WhiteElo "1691"]
[BlackElo "1811"]
[PlyCount "117"]
[GameId "2160767909347684"]
[EventDate "2013.06.07"]
[EventType "swiss"]
[EventRounds "5"]
[EventCountry "CAN"]
[SourceTitle "EXT 2022"]
[Source "ChessBase"]
[SourceDate "2021.10.06"]
[SourceVersion "1"]
[SourceVersionDate "2021.10.06"]
[SourceQuality "1"]

1. d4 d5 2. c4 e6 3. Nf3 Nf6 4. Bg5 Be7 5. Nc3 Nbd7 6. e3 c6 7. Bd3 O-O 8. O-O b6 9. Rc1 Bb7 10. Re1 Re8 11. e4 dxe4 12. Nxe4 c5 13. dxc5 Nxe4 14. Bxe7 Qxe7 15. Bxe4 Bxe4 16. Rxe4 Nxc5 17. Re3 Rad8 18. Qc2 Qd6 19. g3 h6 20. b4 Nd3 21. c5 Qd5 22. Rb1 bxc5 23. bxc5 Nxc5 24. Rb5 Qd1+ 25. Qxd1 Rxd1+ 26. Kg2 Rd5 27. Rc3 Ne4 28. Rxd5 exd5 29. Ra3 Re7 30. Nd4 Rc7 31. f3 Nc3 32. Kf2 Kf8 33. Ke3 Nb1 34. Ra5 Rc3+ 35. Kf4 Ra3 36. Rxd5 Rxa2 37. Nf5 Kg8 38. Rd8+ Kh7 39. h4 Rd2 40. Rb8 Nc3 41. Rb7 Nd5+ 42. Ke5 f6+ 43. Ke4 Re2+ 44. Kd3 Re5 45. g4 a5 46. Rxg7+ Kh8 47. Ra7 Nf4+ 48. Kc4 h5 49. Nh6 Re3 50. Rxa5 Rxf3 51. gxh5 Ng2 52. Ra7 Nxh4 53. Nf7+ Kg8 54. h6 Ng6 55. h7+ Kf8 56. Nd6 Ne5+ 57. Kd5 Rh3 58. Ke6 Rh6 59. Nf5 1-0

[Event "Gatineau TORO U1900"]
[Site "Gatineau CAN"]
[Date "2013.06.08"]
[Round "3"]
[White "Villeneuve, Luc"]
[Black "Georgiev, Anton"]
[Result "1-0"]
[WhiteElo "1671"]
[BlackElo "1753"]
[PlyCount "53"]
[GameId "2160767909347685"]
[EventDate "2013.06.07"]
[EventType "swiss"]
[EventRounds "5"]
[EventCountry "CAN"]
[SourceTitle "EXT 2022"]
[Source "ChessBase"]
[SourceDate "2021.10.06"]
[SourceVersion "1"]
[SourceVersionDate "2021.10.06"]
[SourceQuality "1"]

1. Nf3 d5 2. d4 Nf6 3. c4 e6 4. Bg5 Be7 5. e3 Nbd7 6. Nc3 b6 7. Qc2 Bb7 8. cxd5 exd5 9. Bd3 O-O 10. O-O Re8 11. Bxf6 Nxf6 12. Ne5 g6 13. a3 Bf8 14. f4 c5 15. Bb5 Re6 16. f5 Rd6 17. fxg6 hxg6 18. Qf2 Qe7 19. Rae1 Rc8 20. Bd3 Rc7 21. Nb5 Bg7 22. Nxc7 Qxc7 23. Qh4 Bc8 24. Re2 Bd7 25. Ref2 g5 26. Qxg5 Ne4 27. Bxe4 1-0

[Event "Gatineau TORO U1900"]
[Site "Gatineau CAN"]
[Date "2013.06.09"]
[Round "4"]
[White "Choiniere, Rene"]
[Black "Labrecque, Rejean"]
[Result "0-1"]
[WhiteElo "1592"]
[BlackElo "1684"]
[PlyCount "96"]
[GameId "2160767909347686"]
[EventDate "2013.06.07"]
[EventType "swiss"]
[EventRounds "5"]
[EventCountry "CAN"]
[SourceTitle "EXT 2022"]
[Source "ChessBase"]
[SourceDate "2021.10.06"]
[SourceVersion "1"]
[SourceVersionDate "2021.10.06"]
[SourceQuality "1"]

1. e4 c5 2. c3 d5 3. exd5 Qxd5 4. d4 Nc6 5. Nf3 Bg4 6. Be2 O-O-O 7. c4 Qh5 8. d5 e6 9. Nc3 exd5 10. cxd5 Nf6 11. Bg5 Bxf3 12. Bxf6 Bxe2 13. Qxe2 Qxe2+ 14. Nxe2 gxf6 15. dxc6 bxc6 16. Rc1 Be7 17. Rc2 Rd7 18. O-O Rhd8 19. g3 Rd2 20. Rfc1 Kb7 21. Kg2 Kb6 22. Ng1 Rxc2 23. Rxc2 Rd1 24. Nf3 Bd6 25. Nh4 Ra1 26. Nf5 Be5 27. b3 Kb5 28. Ne3 Kb4 29. Nc4 a5 30. f4 Bd4 31. Kf3 a4 32. bxa4 Kxa4 33. Kg4 Kb4 34. Nd6 Ka3 35. Nc4+ Kb4 36. Kh5 Bc3 37. Nd6 Rb1 38. Ne4 Bd4 39. Nd6 Rb2 40. Rc4+ Ka3 41. h4 Rxa2 42. Nxf7 Kb3 43. Nd6 Rh2 44. Rc1 Kb2 45. Rc4 Kb3 46. Rc1 Rg2 47. g4 Be3 48. Rf1 c4 0-1